| 000 | 00771nam a2200229 a 4500 | ||
|---|---|---|---|
| 999 |
_c12034 _d12034 |
||
| 001 | 12034 | ||
| 003 | BD-JhCC | ||
| 005 | 20210308105249.0 | ||
| 008 | 210308b20172020bg a|||| ||a| 001 0 ben d | ||
| 020 | _a9789849274247 | ||
| 035 | _a(BD-JhCC)12034 | ||
| 040 |
_aBD-JhCC _dBD-JhCC |
||
| 041 | _abengali | ||
| 082 |
_a954.9205 _bAHM 2020 |
||
| 100 | _aআহমদ, মহিউদ্দিন | ||
| 245 |
_aআওয়ামী লীগ: _bযুদ্ধদিনের কথা ১৯৭১ / _cমহিউদ্দিন আহমদ । |
||
| 260 |
_aঢাকা: _bপ্রথমা প্রকাশন; _c২০২০. |
||
| 300 |
_a191 p. : _bill; _c22 cm. |
||
| 650 |
_a Bangladesh _zHistory of Liberation 1971 |
||
| 942 |
_2ddc _cBK |
||